| 000 | 00410nam a22001337a 4500 | ||
|---|---|---|---|
| 999 |
_c8041 _d8041 |
||
| 008 | 251114b ||||| |||| 00| 0 eng d | ||
| 040 | _aCDMR | ||
| 110 |
_95008 _aJournalistes écrivains pour la Nature et l'Ecologie |
||
| 245 | _aAnnuaire des adhérents 2025 | ||
| 260 |
_aParis: _bAssociation des JNE _c2025 |
||
| 300 | _a158 p. | ||
| 650 | 0 |
_95009 _aPeriodisme ambiental _vAnuaris i Directoris |
|
| 942 |
_2udc _cMON |
||